Normal view
MARC view
- Machine Tool Practices
Entry Topical Term
001 - CONTROL NUMBER
- control field: 123534
003 - CONTROL NUMBER IDENTIFIER
- control field: NUST
005 - DATE AND TIME OF LATEST TRANSACTION
- control field: 20240612143954.0
008 - FIXED-LENGTH DATA ELEMENTS
- fixed length control field: 240612|| aca||aabn | a|a d
040 ## - CATALOGING SOURCE
- Original cataloging agency: NUST
- Transcribing agency: NUST
150 ## - HEADING--TOPICAL TERM
- Topical term or geographic name entry element: Machine Tool Practices
670 ## - SOURCE DATA FOUND
- Source citation: Work cat.: (NUST): Kibbe,Richard R, Machine Tool Practices, 2007.
